| 000 | 00692nam a2200145Ia 4500 | ||
|---|---|---|---|
| 008 | 220615s9999||||xx |||||||||||||| ||und|| | ||
| 020 | _a9782890000000 | ||
| 022 | _a16648714 | ||
| 245 | 0 | _aAgroecosystems Facing Global Climate Change: The Search for Sustainability | |
| 546 | _aEnglish[eng] | ||
| 650 | _aagroecology||Best management practices||Biotic and Abiotic Stresses||Carbon Sequestration||Crop performance||Environmental sustainability||Native plants||soil properties | ||
| 700 | _aMirás-Avalos, José M.||Baveye, Philippe C. | ||
| 856 | _uhttps://www.frontiersin.org/research-topics/5906/agroecosystems-facing-global-climate-change-the-search-for-sustainability | ||
| 942 | _cEB | ||
| 999 |
_c13087 _d13087 |
||